000 00267nam a22001217a 4500
082 _a297
100 _aBukhari, A.S.
245 _aIslamic Education
260 _aLahore :
_bAziz Book Dept,
_c2009.
300 _a495 p. ;
_b21 cm.
500 _aPaperback.
942 _cBK
999 _c34129
_d34129